<?xml version="1.0" encoding="UTF-8"?>
<record
    xmlns:xsi="http://www.w3.org/2001/XMLSchema-instance"
    xsi:schemaLocation="http://www.loc.gov/MARC21/slim http://www.loc.gov/standards/marcxml/schema/MARC21slim.xsd"
    xmlns="http://www.loc.gov/MARC21/slim">

  <leader>00911nam a22001817a 4500</leader>
  <controlfield tag="008">260514b           ||||| |||| 00| 0 eng d</controlfield>
  <datafield tag="082" ind1="0" ind2="4">
    <subfield code="a">553.494595</subfield>
  </datafield>
  <datafield tag="100" ind1="0" ind2="0">
    <subfield code="a">Ledyhernando Taniou</subfield>
  </datafield>
  <datafield tag="245" ind1="1" ind2="0">
    <subfield code="a">RANCANGAN MALAYSIA KEDUA BELAS : PROJEK PENILAIAN POTENSI SUMBER UNSUR NADIR BUMI : KAJIAN PENILAIAN POTENSI SUMBER UNSUR NADIR BUMI DI BUKIT BERIKUK, DAERAH SIMUNJAN, SARAWAK / Oleh : LEDYHERNANDO TANIOU, YUSOF BIN IMBUN, JAITHIST JOHN</subfield>
  </datafield>
  <datafield tag="250" ind1=" " ind2=" ">
    <subfield code="a">NO. LAPORAN : JMG. SWK (REE) 1/2024</subfield>
  </datafield>
  <datafield tag="260" ind1=" " ind2=" ">
    <subfield code="a">Kuching, Sarawak :</subfield>
    <subfield code="b">Jabatan Mineral dan Geosains Malaysia Sarawak,</subfield>
    <subfield code="c">2024</subfield>
  </datafield>
  <datafield tag="300" ind1=" " ind2=" ">
    <subfield code="a">xi, 62 pages :</subfield>
    <subfield code="b">some colour illustrations ;</subfield>
    <subfield code="c">30 cm</subfield>
  </datafield>
  <datafield tag="650" ind1="1" ind2="0">
    <subfield code="x">Rare earth elements </subfield>
    <subfield code="z">Malaysia</subfield>
    <subfield code="z">Sarawak</subfield>
  </datafield>
  <datafield tag="650" ind1="2" ind2="0">
    <subfield code="x">Geological surveys </subfield>
    <subfield code="z">Malaysia</subfield>
    <subfield code="z">Sarawak</subfield>
  </datafield>
  <datafield tag="650" ind1="2" ind2="0">
    <subfield code="x">Mineral resources </subfield>
    <subfield code="z">Malaysia </subfield>
    <subfield code="z">Sarawak</subfield>
  </datafield>
  <datafield tag="650" ind1="2" ind2="0">
    <subfield code="x">Mineral exploration </subfield>
    <subfield code="z">Malaysia</subfield>
    <subfield code="z">Sarawak</subfield>
  </datafield>
  <datafield tag="942" ind1=" " ind2=" ">
    <subfield code="2">ddc</subfield>
    <subfield code="e">22</subfield>
    <subfield code="h">553.494595</subfield>
  </datafield>
  <datafield tag="999" ind1=" " ind2=" ">
    <subfield code="c">27285</subfield>
    <subfield code="d">27285</subfield>
  </datafield>
  <datafield tag="952" ind1=" " ind2=" ">
    <subfield code="0">0</subfield>
    <subfield code="1">0</subfield>
    <subfield code="2">ddc</subfield>
    <subfield code="4">0</subfield>
    <subfield code="7">0</subfield>
    <subfield code="8">OS</subfield>
    <subfield code="a">JMGHQ</subfield>
    <subfield code="b">JMGHQ</subfield>
    <subfield code="d">2026-05-14</subfield>
    <subfield code="l">0</subfield>
    <subfield code="o">553.494595 LED</subfield>
    <subfield code="r">2026-05-14</subfield>
    <subfield code="w">2026-05-14</subfield>
    <subfield code="y">RPT</subfield>
  </datafield>
</record>
